000 00423 a2200109 4500
001 ART_42508
005 20260410162005.0
008 260409a
245 1 0 _aRazonabilidad, proporcionalidad y límites en el derecho de acceso a formar una familia en las técnicas de reproducción humana asistida
100 1 _aHerrera, Marisa
773 0 _tTemas de derecho civil
_g- Año 3, Nº 6 (jun. 2017)
_wREV34778
999 _c31684
_d31684